| 000 | 00517nam a2200169 a 4500 | ||
|---|---|---|---|
| 001 | 000031888 | ||
| 005 | 20200930063246.0 | ||
| 008 | 110617s2007 dr ac 000 0 spa d | ||
| 040 |
_aDO-SdBNP _bspa _cBNPHU |
||
| 082 |
_axxxx _bS941 |
||
| 245 | 0 | 0 |
_aSubasta de obras Rayo de Sol / _ctextos Sara Hermann, Jacinta Torres. |
| 260 |
_aSanto Domingo : _bEscuelita Rayo de Sol, _c[2007]. |
||
| 300 |
_a52 p. : _bil., retrs. ; _c18 cm. |
||
| 700 | 1 |
_aHermann, Sara _958086 |
|
| 700 | 1 |
_aTorres, Jacinta _958087 |
|
| 049 | _aBNPD | ||
| 999 |
_c31379 _d31379 |
||